[Event "Red River Shootout 14th"]
[Site "Davis"]
[Date "2016.04.16"]
[Round "1.12"]
[White "Stonehocker, Herbert F"]
[Black "Henson, Dan"]
[Result "1-0"]
[WhiteElo "1415"]
[BlackElo "1380"]
[PlyCount "87"]
[EventDate "2016.04.16"]
[EventType "team-match"]
[EventRounds "2"]
[EventCountry "USA"]
[SourceTitle "EXT 2019"]
[Source "ChessBase"]
[SourceDate "2018.10.10"]
[SourceVersion "1"]
[SourceVersionDate "2018.10.10"]
[SourceQuality "1"]
[WhiteTeam "Oklahoma"]
[BlackTeam "Texas"]
[WhiteTeamCountry "USA"]
[BlackTeamCountry "USA"]

1. d4 d5 2. Nf3 Nf6 3. Bf4 Nbd7 4. h3 e6 5. e3 c5 6. c3 cxd4 7. exd4 Be7 8. Nbd2 0-0 9. Bd3 Re8 10. 0-0 Nf8 11. Ne5 Ng6 12. Nxg6 hxg6 13. Qc2 Nh5 14. Bh2 Bd6 15. Bxd6 Qxd6 16. Rfe1 Nf6 17. Nf3 Bd7 18. Ne5 Bc6 19. Nxf7 Kxf7 20. Bxg6+ Kf8 21. Bxe8 Bxe8 22. Qe2 Bf7 23. Qe5 Qxe5 24. Rxe5 Ke7 25. Rae1 Kd6 26. f3 Nh5 27. Kf2 Nf4 28. R1e3 b5 29. Kg3 Ng6 30. Rg5 a5 31. h4 Rh8 32. h5 Ne7 33. Kg4 Nf5 34. Re5 g6 35. Kf4 Rxh5 36. Rxh5 gxh5 37. g4 hxg4 38. fxg4 Nh4 39. Kg5 Nf3+ 40. Kf6 Nxe5 41. dxe5+ Kc5 42. Kxf7 b4 43. g5 bxc3 44. bxc3 1-0